000 00843nam a2200241 i 4500
001 140925
003 ES-MaACL
005 20240509063110.0
007 t|
008 070918s1969 sp ||||1| spa d
080 _a86 Valle-Inclán, Ramón del 1.06
100 1 _aYnduráin, Francisco,
_d1910-1994
_9117648
245 1 0 _aValle-Inclán
_b: tres estudios /
_cFrancisco Ynduráin.
250 _a[1ª ed.].
260 _aSantander :
_bLa Isla de los Ratones,
_c1969.
300 _a88 p. ;
_c17 cm.
490 1 _aLa Isla de los Ratones.
_aNarración y ensayo ;
_v12
_9189362
600 1 4 _aValle-Inclán, Ramón del,
_d1866-1936-
_xCrítica e interpretación
_9112800
830 0 _aLa Isla de los Ratones.
_aNarración y ensayo ;
_v12
_9189362
852 _aES-MaACL
_jC-35881
_bR.69653
942 _2udc
999 _c140925
_d140925